MARC details
| 000 -LEADER |
| fixed length control field |
01776cam a2200505 i 4500 |
| 005 - DATE AND TIME OF LATEST TRANSACTION |
| control field |
20251212135818.0 |
| 020 ## - INTERNATIONAL STANDARD BOOK NUMBER |
| International Standard Book Number |
9780718197827 |
| 040 ## - CATALOGING SOURCE |
| Original cataloging agency |
YDXCP |
| Language of cataloging |
eng |
| Transcribing agency |
YDXCP |
| Description conventions |
rda |
| Modifying agency |
BTCTA |
| -- |
BDX |
| -- |
OCLCQ |
| -- |
MLY |
| -- |
FMB |
| -- |
JAO |
| -- |
OCLCF |
| -- |
VTL |
| -- |
OCL |
| -- |
VPW |
| -- |
IZ2 |
| -- |
UAP |
| -- |
OU9 |
| -- |
OCL |
| -- |
NCRJL |
| -- |
FSIMP |
| -- |
CHILD |
| -- |
DLC |
| 050 00 - LIBRARY OF CONGRESS CALL NUMBER |
| Classification number |
PZ7.G4727 |
| 082 04 - DEWEY DECIMAL CLASSIFICATION NUMBER |
| Classification number |
823.92 |
| 100 ## - MAIN ENTRY--PERSONAL NAME |
| Personal name |
Astley, Neville |
| 245 00 - TITLE STATEMENT |
| Title |
George catches a cold / |
| 260 ## - PUBLICATION, DISTRIBUTION, ETC. |
| Place of publication, distribution, etc. |
London : |
| Name of publisher, distributor, etc. |
Ladybird Book, |
| Date of publication, distribution, etc. |
2003 |
| 300 ## - PHYSICAL DESCRIPTION |
| Extent |
23 unnumbered pages : |
| Other physical details |
color illustrations ; |
| Dimensions |
21 cm. |
| 490 0# - SERIES STATEMENT |
| Series statement |
Peppa Pig |
| 505 ## - FORMATTED CONTENTS NOTE |
| Formatted contents note |
J <br/> |
| 520 ## - SUMMARY, ETC. |
| Summary, etc. |
Oh dear! Silly George has gone outside in the rain without his rain hat on and now he's caught a cold. Luckily Dr Brown Bear has some medicine to make him better. |
| 521 ## - TARGET AUDIENCE NOTE |
| Target audience note |
470 <br/> |
| Source |
Lexile <br/> |
| 521 ## - TARGET AUDIENCE NOTE |
| Target audience note |
J <br/> |
| Source |
Raz-Plus <br/> |
| 650 #0 - SUBJECT ADDED ENTRY--TOPICAL TERM |
| Topical term or geographic name entry element |
Swine |
| Form subdivision |
Juvenile fiction. |
| 650 #0 - SUBJECT ADDED ENTRY--TOPICAL TERM |
| Topical term or geographic name entry element |
Cold (Disease) |
| Form subdivision |
Juvenile fiction. |
| 650 #1 - SUBJECT ADDED ENTRY--TOPICAL TERM |
| Topical term or geographic name entry element |
Pigs |
| Form subdivision |
Fiction. |
| 650 #4 - SUBJECT ADDED ENTRY--TOPICAL TERM |
| Topical term or geographic name entry element |
Swine |
| Form subdivision |
Juvenile fiction. |
| 650 #4 - SUBJECT ADDED ENTRY--TOPICAL TERM |
| Topical term or geographic name entry element |
Picture books. |
| 650 #4 - SUBJECT ADDED ENTRY--TOPICAL TERM |
| Topical term or geographic name entry element |
Swine. |
| 650 #4 - SUBJECT ADDED ENTRY--TOPICAL TERM |
| Topical term or geographic name entry element |
Pigs |
| Form subdivision |
Fiction. |
| 650 #4 - SUBJECT ADDED ENTRY--TOPICAL TERM |
| Topical term or geographic name entry element |
Cold (Disease.) |
| 650 #7 - SUBJECT ADDED ENTRY--TOPICAL TERM |
| Topical term or geographic name entry element |
Cold (Disease) |
| Source of heading or term |
fast |
| Authority record control number or standard number |
(OCoLC)fst00866963 |
| 650 #7 - SUBJECT ADDED ENTRY--TOPICAL TERM |
| Topical term or geographic name entry element |
Swine. |
| Source of heading or term |
fast |
| Authority record control number or standard number |
(OCoLC)fst01140419 |
| 650 #7 - SUBJECT ADDED ENTRY--TOPICAL TERM |
| Topical term or geographic name entry element |
Pigs |
| Form subdivision |
Fiction. |
| Source of heading or term |
sears |
| 650 #7 - SUBJECT ADDED ENTRY--TOPICAL TERM |
| Topical term or geographic name entry element |
Rain |
| Form subdivision |
Fiction. |
| Source of heading or term |
sears |
| 650 #7 - SUBJECT ADDED ENTRY--TOPICAL TERM |
| Topical term or geographic name entry element |
Cold (Disease) |
| Form subdivision |
Fiction. |
| Source of heading or term |
sears |
| 655 #4 - INDEX TERM--GENRE/FORM |
| Genre/form data or focus term |
Fiction. |
| 655 #4 - INDEX TERM--GENRE/FORM |
| Genre/form data or focus term |
Juvenile works. |
| 655 #4 - INDEX TERM--GENRE/FORM |
| Genre/form data or focus term |
Picture books. |
| 655 #7 - INDEX TERM--GENRE/FORM |
| Genre/form data or focus term |
Picture books. |
| Source of term |
fast |
| Authority record control number or standard number |
(OCoLC)fst01726789 |
| 655 #7 - INDEX TERM--GENRE/FORM |
| Genre/form data or focus term |
Fiction. |
| Source of term |
fast |
| Authority record control number or standard number |
(OCoLC)fst01423787 |
| 655 #7 - INDEX TERM--GENRE/FORM |
| Genre/form data or focus term |
Juvenile works. |
| Source of term |
fast |
| Authority record control number or standard number |
(OCoLC)fst01411637 |
| 655 #7 - INDEX TERM--GENRE/FORM |
| Genre/form data or focus term |
Picture books. |
| Source of term |
lcgft |
| 700 1# - ADDED ENTRY--PERSONAL NAME |
| Personal name |
Astley, Neville, |
| Relator term |
creator |
| 700 1# - ADDED ENTRY--PERSONAL NAME |
| Personal name |
Baker, Mark |
| Dates associated with a name |
1959- |
| Relator term |
creator |
| 906 ## - LOCAL DATA ELEMENT F, LDF (RLIN) |
| a |
7 |
| b |
cbc |
| c |
copycat |
| d |
2 |
| e |
ncip |
| f |
20 |
| g |
y-gencatlg |
| 942 ## - ADDED ENTRY ELEMENTS (KOHA) |
| Source of classification or shelving scheme |
Dewey Decimal Classification |
| Koha item type |
Books |
| Suppress in OPAC |
No |
| 999 ## - |
| -- |
2607 |
| -- |
2607 |